Statistics for Top 12 Washington Wizards of All-Time

Click here to take the quiz!

General Stats

  • This quiz has been taken 104 times
    (92 since last reset)
  • The average score is 6 of 12

Answer Stats

#PlayerWin Shares% Correct
4Bradley Beal52.2
96%
6John Wall44.3
95%
1Wes Unseld110.1
88%
2Elvin Hayes80.0
81%
7Gilbert Arenas41.5
75%
8Antawn Jamison41.4
49%
11Gus Johnson36.0
34%
3Walt Bellamy57.0
24%
10Phil Chenier39.3
16%
12Brendan Haywood35.8
10%
5Greg Ballard48.6
10%
9Jack Marin41.3
6%

Score Distribution

Percentile by Number Answered

Percent of People with Each Score

Your Score History

You have not taken this quiz since the last reset